| 000 | 00566pam a2200181 a 4500 | ||
|---|---|---|---|
| 020 | _a1856973859 : | ||
| 082 | 0 | 0 |
_a503 _bMAR _cN-01, P-50 |
| 245 | 0 | 0 | _aVisual encyclopedia of science. |
| 250 | _a1st American ed. | ||
| 260 |
_aNew York : _bKingfisher Books, _c1994. |
||
| 300 |
_a320 p. : _bcol. ill. ; _c28 cm. |
||
| 500 | _aIncludes index. | ||
| 526 |
_a0 _b0 _c0 _d503_000000000000000_MAR |
||
| 650 | 0 |
_aCuriosities and wonders _xJuvenile literature. _946901 |
|
| 650 | 1 |
_aCuriosities and wonders. _933087 |
|
| 710 | 2 |
_aKingfisher Books. _946902 |
|
| 942 |
_2ddc _cBK |
||
| 999 |
_c550177 _d550177 |
||